M&m flavors Quiz Stats

 Plays Quiz not verified by Sporcle

Support Sporcle.
Go Orange.
Score 0/9 Timer 02:00
0 Plays Today
flavor % Correct
peanut
100%
milk
80.7%
peanut butter
80.7%
dark chocolate
77.2%
pretzel
75.4%
almond
56.1%
mint
42.1%
coconut
38.6%
Dark chocolate peanut
12.3%

You're not logged in!

Compare scores with friends on all Sporcle quizzes.
OR
Log In

From the Vault

Figure Out the Disney Lyrics XIII

by Tortie

Nothing like a Disney challenge to put a smile on your face!
Remove Ads.
Support Sporcle.
Get the best of Sporcle when you Go Orange. This ad-free experience offers more features, more stats, and more fun while also helping to support Sporcle. Thank you for becoming a member.

Show Comments

Extras

Created Feb 27, 2011ReportNominate
Tags:Flavor

Top Quizzes Today


Score Distribution

Your Account Isn't Verified!

In order to create a playlist on Sporcle, you need to verify the email address you used during registration. Go to your Sporcle Settings to finish the process.

Report this User

Report this user for behavior that violates our Community Guidelines.

Details: